000 00734cam a2200217 4500
001 WS108080
008 000000n 000 0 eng u
035 _a(Sirsi) u108080
110 _aQuantity Surveyors Society of British Columbia
_93930
245 _aQuantity Surveyors Society of British Columbia
520 _aBasic institutional web site but includes construction costs for the area.
650 _aCANADA
650 _aBUILT ENVIRONMENT-QUANTITY SURVEYING
650 _aCONSTRUCTION COSTS
650 _aCODE OF ETHICS
650 _aORGANISATION
650 _aBRITISH COLUMBIA
690 _aINTERNATIONAL-AMERICAS
856 4 0 _uhttps://www.qssbc.org
_zView the website free of charge at www.gssbc.org...
942 _n0
999 _c119615
_d119615